| 000 | 00803nac a22002171u 4500 | ||
|---|---|---|---|
| 008 | 100214t2008 xxu||||| |||| 00| 0 eng d | ||
| 020 | _a1423901150 | ||
| 020 | _a1423901193 | ||
| 082 | 0 | 4 |
_a658.4038011 _bSTA _222 |
| 100 |
_aStair, Ralph M. _911344 |
||
| 245 | 1 | 0 |
_aPrinciples of Information Systems : _bA Managerial Approach / _cRalph M. Stair, George W. Reynolds. |
| 250 | _a8th ed. | ||
| 260 |
_aAustralia ; _aUnited Kingdom : _bThomson/Course Technology, _cc2008. |
||
| 300 |
_axxvi, 652 p. : _bcol. ill. ; _c29 cm. |
||
| 500 | _a"International Student Edition"--- Cover | ||
| 504 | _aIncludes bibliographical references and index. | ||
| 650 | 0 |
_aManagement information systems. _911345 _2BUEsh |
|
| 651 | _2BUEsh | ||
| 700 | 1 |
_aReynolds, George Walter, _d1944- _911346 |
|
| 942 | _cBB | ||
| 999 |
_c13377 _d13377 |
||